000 00675nam a2200253 i 4500
001 C2-0295962
003 PPAK
005 20180728074357.0
008 090409s2009 my |||| ||||| | may d
020 _a9789673490028
040 _aPPAK
_beng
_cPPAK
_erda
082 0 4 _a153.42
_223
090 0 0 _a153.42
_bMUN
_dG
100 0 _aMunir Shuib,
_eauthor
245 1 0 _aTeknik meningkatkan kemahiran berfikir
264 1 _aKuala Lumpur :
_bPrentice Hall ,
_c2009
300 _a70 pages ;
_c24 cm
336 _2rdacontent
_atext
337 _2rdamedia
_aunmediated
338 _2rdacarrier
_avolume
650 1 0 _aThought and thinking
700 _eauthor
942 _ddc
_cB
999 _c100466
_d100466